TDS towers with lead detection - Statistics

General Stats
  • This quiz has been taken 37 times
    15 since last reset
  • The average score is 20 of 38
Answer Stats
Level Tower % Correct
Level 0 Mortar
100%
Level 0 Accelerator
87%
Level 0 Ranger
87%
Level 2 Ace Pilot
80%
Level 0 Brawler
80%
Level 0 Military Base
80%
Level 1 Pursuit
80%
Level 0 Pyromancer
80%
Level 0 Demoman
73%
Level 0 Engineer
73%
Level 0 Rocketeer
73%
Level 3 Sniper
73%
Level 2 Turret
73%
Level 0 Electroshocker
67%
Level 0 Hacker
67%
Level 3 Shotgunner
67%
Level 0 Trapper
67%
Level 2 Commander
60%
Level 0 Mercenary Base
60%
Level 0 Necromancer
60%
Level 3 Warden
60%
Level 2 Commando
40%
Level 3 Golden Scout
40%
Level 0 Jester
40%
Level 3 Archer
33%
Level 0 Hallow Punk
33%
Level 0 Elementalist
27%
Level 0 Elf Camp
27%
Level 0 Frost Blaster
27%
Level 0 Golden Pyromancer
27%
Level 2 Sledger
27%
Level 4 Swarmer
27%
Level 1 Biologist
20%
Level 0 Firework Technician
20%
Level 3 Snowballer
20%
Level 0 Toxic Gunner
20%
Level 0 Cryomancer
13%
Level 3 DJ Booth
13%
No matching quizzes found
Score Distribution
Percent of People with Each Score
Percentile by Number Answered
Your Score History
You have not taken this quiz since the last reset